000 00642cam a2200253 4500
001 J87447
008 090401t1997 xxu||||| |||| 00| 0 eng d
035 _a(Sirsi) u81843
041 _aeng
050 _a690.094743
100 _aWong, A.
245 _aConstruction in the Republic of Latvia.
260 _aAscot, Berks.
_bCIOB
_c1997
300 _a7p. Ill.,map ; 30cm.
350 _a5
490 _aConstruction Papers
_v77
650 _aCONSTRUCTION INDUSTRY
650 _aLATVIA
690 _aOVERSEAS-EUROPE
700 _aGale, A.W.
710 _aChartered Institute of Building
_92134
942 _n0
948 _c31/10/1997
999 _c96753
_d96753